Astronomical photoelectric (Record no. 7521)

MARC details
000 -LEADER
fixed length control field 00948nam a2200217Ia 4500
003 - CONTROL NUMBER IDENTIFIER
control field IN-BaIIA
008 - FIXED-LENGTH DATA ELEMENTS--GENERAL INFORMATION
fixed length control field 211028s9999 xx 000 0 eng d
040 ## - CATALOGING SOURCE
Transcribing agency IIA Library
080 ## - UNIVERSAL DECIMAL CLASSIFICATION NUMBER
Universal Decimal Classification number 520.34(063)
Item number IRW
111 ## - MAIN ENTRY--MEETING NAME
Meeting name or jurisdiction name as entry element National Science Foundation Astronomical Photoelectric Conference
Location of meeting Arizona
Date of meeting or treaty signing 1953 Aug. 31 - Sept. 1
9 (RLIN) 12795
245 #0 - TITLE STATEMENT
Title Astronomical photoelectric
Remainder of title proceedings of the National Science Foundation Astronomical Photoelectric Conference held at Lowell Observatory Flagstaff, Arizona August 31 - September 1, 1953
Statement of responsibility, etc. edited by John B. Irwin
260 ## - PUBLICATION, DISTRIBUTION, ETC.
Place of publication, distribution, etc. Arizona
Name of publisher, distributor, etc. Lowell Observatory
Date of publication, distribution, etc. 1953
300 ## - PHYSICAL DESCRIPTION
Extent 122p.
500 ## - GENERAL NOTE
General note Donated by Mrs. Bappu
650 ## - SUBJECT ADDED ENTRY--TOPICAL TERM
Topical term or geographic name entry element Astronomical Photometry
650 ## - SUBJECT ADDED ENTRY--TOPICAL TERM
Topical term or geographic name entry element Astronomy and Astrophysics Thesaurus
650 ## - SUBJECT ADDED ENTRY--TOPICAL TERM
Topical term or geographic name entry element Photoelectric Photometry
9 (RLIN) 2971
700 ## - ADDED ENTRY--PERSONAL NAME
Personal name Irwin, John B ed.
9 (RLIN) 12796
710 ## - ADDED ENTRY--CORPORATE NAME
Corporate name or jurisdiction name as entry element National Science Foundation 
9 (RLIN) 12797
942 ## - ADDED ENTRY ELEMENTS (KOHA)
Koha item type Books
Holdings
Withdrawn status Lost status Damaged status Not for loan Home library Current library Shelving location Date acquired Total Checkouts Full call number Barcode Date last seen Price effective from Koha item type
        IIA Library-Bangalore IIA Library-Bangalore General Stacks 15/07/1983   520.34(063)/ IRW 8333 05/11/2021 15/07/1983 Books

Powered by Koha